Bienvenido a nuestro catálago, Biblioteca Universidad Monteávila

Una luz en el horizonte (Registro nro. 13362)

Detalles MARC
000 -CABECERA
campo de control de longitud fija 02075nam a2200253 4500
003 - IDENTIFICADOR DEL NÚMERO DE CONTROL
campo de control vecauma
005 - FECHA Y HORA DE LA ÚLTIMA TRANSACCIÓN
campo de control 20260414140341.0
007 - CAMPO FIJO DE DESCRIPCIÓN FÍSICA--INFORMACIÓN GENERAL
campo de control de longitud fija ta
008 - DATOS DE LONGITUD FIJA--INFORMACIÓN GENERAL
campo de control de longitud fija 260414b ve ||||| |||| 00| 0 spa d
020 ## - ISBN
Número Internacional Estándar del Libro 8460528103
040 ## - FUENTE DE LA CATALOGACIÓN
Centro catalogador/agencia de origen vecauma
Lengua de catalogación spa
Centro/agencia transcriptor vecauma
Centro/agencia modificador vecauma
Normas de descripción rda
041 ## - CÓDIGO DE LENGUA
Código de lengua del recurso spa
100 1# - AUTOR PERSONAL
Término indicativo de función/relación autor
245 1# - MENCIÓN DE TÍTULO
Título Una luz en el horizonte
Resto del título Sistemas, métodos y puntos de referencia para triunfar
Mención de responsabilidad, etc. / Fernando Lozano Domínguez
264 ## - PRODUCCIÓN, PUBLICACIÓN, DISTRIBUCIÓN, FABRICACIÓN Y COPYRIGHT
Producción, publicación, distribución, fabricación y copyright Madrid:
Nombre del de productor, editor, distribuidor, fabricante Revista internacional de relaciones públicas;
Fecha de producción, publicación, distribución, fabricación o copyright 1995.
300 ## - DESCRIPCIÓN FÍSICA
Extensión 220 páginas.
336 ## - TIPO DE CONTENIDO
Término de tipo de contenido texto
Código de tipo de contenido txt
Fuente rdacontenido
337 ## - TIPO DE MEDIO
Nombre/término del tipo de medio no mediado
Código del tipo de medio n
Fuente rdamedio
338 ## - TIPO DE SOPORTE
Nombre/término del tipo de soporte volumen
Código del tipo de soporte nc
Fuente rdasoporte
505 0# - NOTA DE CONTENIDO CON FORMATO
Nota de contenido con formato fundamento de la obra /<br/>Sistemas y subsistemas inmateriales y mixtos /<br/>La soberanía y dignidad de nuestra especie /
520 3# - SUMARIO, ETC.
Sumario, etc. El libro que tiene Vd. en las manos aborda con singular maestría y clarividencia éstas y otras muchas cuestiones de indudable interés, apuntalando firmemente las bases de las estructuras naturales y sociales que rigen nuestra conducta en el "armonioso conjunto de la Creación". "UNA LUZ EN EL HORIZONTE™ nos plantea el constructivo reto de hacernos día a día más humanos avanzando de forma científica y racional, sin temor a errar, para lo cual habremos de utilizar adecuadamente los sistemas y subsistemas, métodos y puntos de referencia que en su contenido se describen con brillante esmero y total minuciosidad.<br/><br/>Su autor, Fernando Lozano Domínguez, es conocido y apreciado como investigador y escritor en materia de comprensión humana y dirección de empresa en más de cincuenta países. Por estas razones, esta obra constituye un rico y original manual de consulta, así como una apasionante teoría que abre nuevas vías de investigación al pensamiento contemporáneo, especialmente indicada para altos directivos y aspirantes a serlo, para profesores y alumnos y, en general, para todos aquellos seres humanos que se precien y enorgullezcan de actuar como tales.
942 #1 - ELEMENTOS DE ENTRADA AGREGADA (KOHA)
Fuente del sistema de clasificación o colocación Library of Congress Classification
Ocultar en OPAC No
Tipo de ítem Koha Libros
Existencias
Estado de retiro Estado de pérdida Fuente del sistema de clasificación o colocación Estado dañado No para préstamo Código de colección Localización permanente Ubicación/localización actual Ubicación en estantería Fecha de adquisición Número de inventario Total de préstamos Código de barras Fecha visto por última vez Precio válido a partir de Tipo de ítem Koha
    Library of Congress Classification     Colección general Biblioteca Universidad Monteávila Biblioteca Universidad Monteávila Colección general 14/04/2026 48846   2026-0501 14/04/2026 14/04/2026 Libros

Copyright @ UMA Library
Universidad Monteávila Caracas, Venezuela

Edif. Sede principal Universidad Monteávila. Av. El Buen Pastor. Boleíta Norte. Caracas. 
Customized by Universidad Monteávila

Con tecnología Koha